00689cam a2200193 a 450000100100000000500170001000800410002702000150006804000180008308200190010110000300012024500960015026000620024630000360030850400530034460000250039765000450042270000280046700000213820200929145839.0911218s1992 waua b 001 0beng  a0943235057 aDO-SdBNPcDLC a923.173bB978T1 aTarpley, Webster Griffin.10aGeorge Bush :bthe unauthorized biography /cby Webster Griffin Tarpley and Anton Chaitkin. aWashington, D.C. :bExecutive Intelligence Review,c1992. aviii, [664] p. :bil. ;c21 cm. aIncluye referencias bibliográficas e índice.10aBUSH, GEORGE,d1924- 4aPresidenteszEstados UnidosxBiografía1 aChaitkin, Anton,d1943-